000 01024nam a22003137a 4500
003 CHAP
005 20220329134937.0
008 971013s1967 r 00010 d
010 _a28467
011 _a29439
035 _a33550
040 _cCHAP
082 _a548.5
_bK5Y
100 0 0 _aKnight, Charles A.
_963513
245 _aCristalización de líquidos sobreenfriados
260 _aMéxico, D. F. :
_bReverté,
_c1967
300 _a158 p.
_b: ilus. ; láms. ; gráfs.
490 _aVan Nostrand momentum books
_v; 14
590 _aBATCH-UPD
_b10
_c20130110
_lUCH01
_h0935
590 _aBATCH-UPD
_b10
_c20130410
_lUCH01
_h0553
590 _aBATCH-UPD
_b10
_c20130914
_lUCH01
_h1058
590 _aCONVERSION
_b10
_c20130109
_lUCH01
_h1316
650 1 4 _aCristalización.
_928985
830 0 _aVan Nostrand momentum books
_v; 14
_9117789
901 _aBK
942 _cLIBRO
949 _a548.5 K5Y
_bBC
_cLIBRO
_d-78097
_eLIBRO
_fc.2
_h35965
_i33550
_si
949 _a548.5 K5Y
_bBC
_cLIBRO
_d33724000447207
_eLIBRO
_h35964
_i33550
_si
999 _c28467
_d28467